000 00681nam a22002177a 4500
005 20250904101558.0
008 240830b |||||||| |||| 00| 0 eng d
020 _a9789358497151
040 _aIN-DiNC
_cIN-DiNC
041 _dasm
082 _a954.03
_bHUS
100 _aHussain, Tachadduk Amanul
_eauthor
245 _aAdhunik bharatbarshar itihas (1757-1947/ Minor3)/
_cby Tachadduk Amanul Hussain, Pranjal Bhuyan and Plabon Bhuyan
250 _a1st ed.
260 _aDibrugarh:
_bBanalata,
_c2024.
300 _a300p.
650 _aHistory of modern India (1757-1947/ Minor3)
700 _aBhuyan, Pranjal
_eauthor
700 _aBhuyan, Plabon
_eauthor
942 _2ddc
_cBK
999 _c11904
_d11904